000 00314nam a2200145Ia 4500
008 230718s9999 xx 000 0 und d
041 _aEng.
082 _a342.09
_bAHM-A
100 _aAhmad
245 0 _aAct, 2013
260 _aPakistan
_bPunjab law book
_c2013
300 _a204
650 _aLaw
999 _c29437
_d29437